000 00555nam a22002297a 4500
003 UA-OsUOA
001 47964
007 ta
008 20070823b un ||||| |||| 00| 0 ukr d
100 _aБибир Д.
090 _a821.161.2
_bБ59
942 _cBK
040 _aUA-OsUOA
_bukr
_cUA-OsUOA
_dUA-OsUOA
245 _aЛюблю і вірю
300 _a273 с.
955 _a3
041 _aukr
080 _a821.161.2
260 _aК.
_c1984
650 7 _a82 Література. Літературознавство
_2UDC
999 _c334065
_d334065